| 000 | 00557nam a2200157Ia 4500 | ||
|---|---|---|---|
| 999 |
_c19054 _d19054 |
||
| 082 | _aRP.0296 | ||
| 100 |
_aPathak, S.N. _uSant Kabir Mahavidyalaya _vSihapar, Gorakhpur |
||
| 245 | 0 | _aRehabilitation of Destitute Children in Uttar Pradesh | |
| 260 |
_cN.D _aGorakhpur _aUttar Pradesh |
||
| 300 | _aiii, 210p | ||
| 504 | _aincludes bibliography | ||
| 536 | _aIndian Council of Social Science Research, New Delhi | ||
| 650 |
_aSociology _vRehabilitation _vPoor Children _zGorakhpur |
||
| 650 |
_aSociology _vChild Care _zUttar Pradesh _zIndia |
||
| 942 |
_cRP _2ddc |
||